LEADER 01052nam a2200265 i 4500 001 000000129957 003 CaOOAMICUS 005 20041013000000.0 008 041013n it u000 u mul u 013 $a102690 040 $aSeMil$bita 100 1 $aSuares, Renato Amedeo.$0(OLS)http://semarc/name/53815 245 13$aLa Svizzera /$cRenato Amedeo Suares ; con prefazione di Vittorio Spreti. 246 01$aLa Suisse 246 01$aDie Schweiz 300 $a1 v. :$briccamente ill. 500 $aTesto anche in francese e tedesco. 650 4$aSvizzera.$0(OLS)http://semarc/subject/8424 700 1 $aSpreti, Vittorio <1887-1950>.$0(OLS)http://semarc/name/3458 773 0 $tBellezze d'Europa.$dMilano : L'attivitą Nazionale, [19--]$gVolume1$w()12267 850 $aSeMil 852 $aSeMil$W1$xVenegono$y1$m4Y VII 31$j84042$B84042$CSeMilBibl$Z2$F87521 $81 996 $6245$aLa Svizzera$9(OLS)http://semarc/title/191608 996 $6246$aLa Suisse$9(OLS)http://semarc/title/408129 996 $6246$aDie Schweiz$9(OLS)http://semarc/title/191609 LEADER 01079nam a2200241 4500 001 000000357487 003 CaOOAMICUS 005 20240314153659.0 008 240308s2017 ii 000 u eng r 020 $a978-93-82762-57-7 040 $aSeMil$bita 100 1 $aPuliurumpil, James.$0(OLS)http://semarc/name/119304 245 10$aSyro malabar church towards patriarchate /$cJames Puliurumpil. 264 1$aVadavathoor, Kpttayam (India) :$bOriental institute of religious studies,$c2017. 300 $a339 p. ;$c23 cm 650 4$aChiesa cattolica siro-malabarese.$0(OLS)http://semarc/subject/48677 850 $aSeMil 852 $aSeMil$W1$xVenegono$y1$m3B II 90$j246995$B248661$CSeMilBibl$Z2$F248661 $81 961 $aJacob don Kiran - Omaggio 996 $6020$a978-93-82762-57-7$9(OLS)http://semarc/number/299935 996 $6245$aSyro malabar church towards patriarchate$9(OLS)http://semarc/title/447741 996 $6264$aVadavathoor, Kpttayam (India) :$bOriental institute of religious studies$9(OLS)http://semarc/publisher/61621